| 000 | 00746nam a2200193 a 4500 | ||
|---|---|---|---|
| 001 | 000041068 | ||
| 005 | 20201002034608.0 | ||
| 008 | 130917s1987 sp a 000 0 spa d | ||
| 020 | _a8400067924 | ||
| 040 |
_aDO-SdBNP _bspa _cBNPHU |
||
| 082 |
_axxxx _bxxxx |
||
| 245 | 0 | 0 |
_aAndalucia y America en el siglo XX : _bactas de las vi jornadas de Andalucía y América / _cedición Bibiano Torres Ramírez, José Hernández Palomo. |
| 260 |
_aSevilla : _bCSIC, _c1987. |
||
| 300 |
_a406 p. : _bil. ; _c24 cm. |
||
| 500 | _aPublicación conmemorativa del V Centenario | ||
| 504 | _aIncluye referencias bibliográficas y notas al pie de las páginas | ||
| 700 | 1 |
_aTorres Ramírez, Bibiano, _eed. _914974 |
|
| 700 | 1 |
_aHernández Palomo, José _eed. _914975 |
|
| 999 |
_c40558 _d40558 |
||